000 00323nam a22001337a 4500
003 SGT
020 _a9788197439599
082 _a301
_bS24T
100 _a ठाकुर, रघु
245 _aसमस्या और समाधान
260 _b VL MEDIA. SOLUTIONS.
_c2024
300 _a216
942 _2ddc
_cBK
999 _c32058
_d32058